| Tag |
First Indicator |
Second Indicator |
Subfields |
| LEADER |
00000cam a2200000 a 4500 |
| 001 |
in00001023021 |
| 005 |
20150928093531.0 |
| 008 |
900904s1990 ne a b 1010 eng |
| 010 |
|
|
|a 90048022
|
| 020 |
|
|
|a 0792309995 (acid-free paper)
|
| 035 |
|
|
|a (OCoLC)22451884
|
| 035 |
|
|
|9 AFF4250AM
|
| 040 |
|
|
|a DLC
|c DLC
|d TXA
|d UtOrBLW
|
| 049 |
|
|
|a TXAM
|
| 050 |
0 |
0 |
|a TG315
|b .N33 1990
|
| 082 |
0 |
0 |
|a 624/.2
|2 20
|
| 111 |
2 |
|
|a NATO Advanced Research Workshop on Bridge Evaluation, Repair, and Rehabilitation
|d (1990 :
|c Baltimore, Md.)
|
| 245 |
1 |
0 |
|a Bridge evaluation, repair, and rehabilitation :
|b [proceedings of the NATO Advanced Research Workshop on Bridge Evaluation, Repair, and Rehabilitation, Baltimore, Maryland, USA, April 30-May 2, 1990] /
|c edited by Andrzej S. Nowak.
|
| 264 |
|
1 |
|a Dordrecht ;
|a Boston :
|b Kluwer Academic,
|c [1990]
|
| 264 |
|
4 |
|c ©1990
|
| 300 |
|
|
|a xvii, 632 pages :
|b illustrations ;
|c 25 cm.
|
| 336 |
|
|
|a text
|b txt
|2 rdacontent
|
| 337 |
|
|
|a unmediated
|b n
|2 rdamedia
|
| 338 |
|
|
|a volume
|b nc
|2 rdacarrier
|
| 490 |
1 |
|
|a NATO ASI series. Series E, Applied sciences ;
|v no. 187
|
| 500 |
|
|
|a "Published in cooperation with NATO Scientific Affairs Division."
|
| 504 |
|
|
|a Includes bibliographical references and indexes.
|
| 650 |
|
0 |
|a Bridges
|x Maintenance and repair
|x Congresses.
|
| 650 |
|
0 |
|a Bridges
|x Evaluation
|x Congresses.
|
| 700 |
1 |
|
|a Nowak, Andrzej S.
|
| 710 |
2 |
|
|a North Atlantic Treaty Organization.
|b Scientific Affairs Division.
|
| 830 |
|
0 |
|a NATO ASI series.
|n Series E,
|p Applied sciences ;
|v no. 187.
|
| 999 |
|
|
|a MARS
|
| 999 |
f |
f |
|s 544c79cd-fd3e-3776-bdaa-87e19228401d
|i 8702ac13-d5fd-35d6-a47b-513f37dfd6fd
|t 0
|
| 952 |
f |
f |
|p ric
|a Texas A&M University
|b Rellis Campus
|c Joint Library Facility
|d Remote Storage
|t 0
|e TG315 .N33 1990
|h Library of Congress classification
|i unmediated -- volume
|m A14815138409
|
| 998 |
f |
f |
|a TG315 .N33 1990
|t 0
|l Remote Storage
|